000 00795nam a22002057a 4500
999 _c540
_d540
003 AR-CdUCM
008 190225b ||||| |||| 00| 0 spa d
040 _aMUNICIPALIDAD PROVINCIAL DEL CUSCO
_cBIBLIOTECA MUNICIPAL DEL CUSCO
082 _a331.88 /
_bA34
100 _aAlvarado B. Jose Luis
_92107
245 _a¿Qué pasó en la Federación bancacaria? :
_bhistoria de 600 despedidos /
260 _aLima :
_bLa confianza ,
_c1965.
300 _a143 páginas ;
_c16 cm.
505 _aIntroducción al partidismo político -- La caída del APRA en la FEB -- La linea de clase -- Los anticlasistas -- Influencia Política...
650 _aAPRA.
_92108
650 _a Cultura Política Peruana.
_92109
650 _aFederación Bancaria.
_92110
942 _2ddc
_cLIBROS
945 _awfj
_d2019-02-25